Giáo trình vật liệu và công nghệ cơ khí: Sách dùng cho các trường đào tạo hệ Trung học chuyên nghiệp

محفوظ في:
التفاصيل البيبلوغرافية
المؤلف الرئيسي: Hoàng Tùng
التنسيق: كتاب
اللغة:Undetermined
منشور في: H. Giáo dục 2003
الموضوعات:
الوسوم: إضافة وسم
لا توجد وسوم, كن أول من يضع وسما على هذه التسجيلة!
Thư viện lưu trữ: Trung tâm Học liệu Trường Đại học Cần Thơ
LEADER 00644nam a2200205Ia 4500
001 CTU_60185
008 210402s9999 xx 000 0 und d
020 |b 13200 
082 |a 620.1 
082 |b T513 
100 |a Hoàng Tùng 
245 0 |a Giáo trình vật liệu và công nghệ cơ khí: 
245 0 |b Sách dùng cho các trường đào tạo hệ Trung học chuyên nghiệp 
245 0 |c Hoàng Tùng 
260 |a H. 
260 |b Giáo dục 
260 |c 2003 
650 |a materials science,mechanical engineering 
904 |i Minh 
980 |a Trung tâm Học liệu Trường Đại học Cần Thơ